000 00555nam a2200241 a 4500
001 nice12345678
003 IN_TiNIC
005 20260116011351.0
008 050524s1961 lona grp 000 0 eng
020 _a
_c0
082 0 0 _a232
_bNEI
100 _aNeill, Stephen
245 _aWho Is Jesus Christ.
260 _aLondon
_bLutterworth Press
_c1961
300 _a95p
500 _aincludes index and biblioraphy
505 2 _aindex
650 _aJesus Christ
700 1 _aNeill, Stephen
902 _bSRS
942 _cBK
999 _c900
_d900